000 00336nam a22001457a 4500
008 221013b ||||| |||| 00| 0 eng d
020 _a0892031158
041 _aeng
080 _2VOLUME 44
_a610.73
082 _a610.73 JAC
100 _a9
101 _aINF
245 _aINSTRUCTIONAL COURSE LECTURES
_cJACKSON D
942 _2udc
_cBK
999 _c58541
_d58541